00953nam a22003017a 4500003000500000005001700005008004100022010001000063011001100073020001800084035001100102040000900113082002100122110000800143245015800151260002300309300002600332490005100358650002400409650002400433650002500457650002300482650002800505700002300533700002000556700002400576830005100600CHAP20220817044400.0101014s2009 it a r 00010 eng  a99439 a100411 a9789251064450 a111097 cCHAP04a574.5bF35y v.152 aFAO10aCoping with a changing climate :bconsiderations for adaptation and mitigation in agriculturec/por Michael H. Glantz, René Gommes y Selvaraju Ramasamy aRome :bFAO,c2009 aviii, 100 p. :bilus. 0aFAO. Medio ambiente y recursos naturalesv; 1414aAlimentosxCalidad.14aCambio climático.14aDesastres naturales.14aImpacto ambiental.14aPolítica alimentaria.1 aGlantz, Michael H.1 aGommes, René.1 aRamasamy, Selvaraju 0aFAO. Medio ambiente y recursos naturalesv; 14